LEADER 01249nam a2200277 4500 001 000000357697 003 CaOOAMICUS 005 20240604124515.0 008 240320s1970 fr 000 u fre r 040 $aSeMil$bita 100 1 $aMcKenzie, John L.$b.$0(OLS)http://semarc/name/90496 240 10$aAuthority in the Church.$0(OLS)http://semarc/title/63863 245 12$aL'Évangile et le pouvoir dans l'Église /$cJohn L. McKenzie ; traduit de l'anglais par Luce Gérard ; avant-propos de Charles Ehlinger. 264 1$aParis :$bLe Centurion,$c1970. 300 $a259 p. ;$c20 cm 490 1 $aRévisions 650 4$aBibbia - NT - Chiesa - Autoritŕ.$0(OLS)http://semarc/subject/55763 700 1 $aGerard, Luce.$0(OLS)http://semarc/name/58307 700 1 $aEhlinger, Charles.$0(OLS)http://semarc/name/21528 830 0$aRévisions.$0(OLS)http://semarc/title/18346 850 $aSeMil 852 $aSeMil$W1$xVenegono$y1$m2M II 3$j248555$B248869$CSeMilBibl$Z2$F248869 $81 961 $aCitrini don Tullio - Omaggio 996 $6245$aL'Évangile et le pouvoir dans l'Église$9(OLS)http://semarc/title/447968 996 $6264$aParis :$bLe Centurion$9(OLS)http://semarc/publisher/32052 LEADER 00769nam a2200193 i 4500 001 000000228577 003 CaOOAMICUS 005 20140403000000.0 008 140403s1824 it u000 u ita u 013 $a207479 026 $ai-l- iom- ,eer qutr (7) 1824 (A) 040 $aSeMil$bita 245 10$aVol. 15. 300 $a380, [4] p., [1] carta di tav. 773 0 $aOrsi, Giuseppe Agostino $tStoria ecclesiastica del cardinale Giuseppe Agostino Orsi accademico della Crusca.$dVenezia : Presso Giuseppe Battaggia : co' tipi di G. Picotti, 1822-1826.$g15$w()29661 850 $aSeMil 852 $aSeMil$W1$xVenegono$y1$m3A I 100 FA$j178923$B178923$CSeMilBibl$Z2$F189956 $8I 961 $aRecupero: Altro 996 $6245$aVol. 15$9(OLS)http://semarc/title/296868